Psycho-analysis as history : (Record no. 132676)

MARC details
000 -LEADER
fixed length control field 00804nam a22002537a 4500
005 - DATE AND TIME OF LATEST TRANSACTION
control field 20170124110158.0
010 ## - LIBRARY OF CONGRESS CONTROL NUMBER
LC control number A-896873
020 ## - INTERNATIONAL STANDARD BOOK NUMBER
Terms of availability 00.00
International Standard Book Number 0195641566
035 ## - SYSTEM CONTROL NUMBER
System control number A-896873
037 ## - SOURCE OF ACQUISITION
Source of stock number/acquisition Cen Lib/Ret
040 ## - CATALOGING SOURCE
Original cataloging agency DPL
Language of cataloging EN
082 ## - DEWEY DECIMAL CLASSIFICATION NUMBER
Classification number 150.195
Item number ROT
100 ## - MAIN ENTRY--PERSONAL NAME
Personal name Roth, Michael S.
9 (RLIN) 35443
245 ## - TITLE STATEMENT
Title Psycho-analysis as history :
Statement of responsibility, etc by Michael S. Roth
Remainder of title negation and freedom in freud /
246 ## - VARYING FORM OF TITLE
Remainder of title
260 ## - PUBLICATION, DISTRIBUTION, ETC. (IMPRINT)
Name of publisher, distributor, etc Oxford University Press
Place of publication, distribution, etc New Delhi
Date of publication, distribution, etc 1997
270 ## - ADDRESS
City New Delhi
Address YMCA building, jai singh road
Postal code 110001
300 ## - PHYSICAL DESCRIPTION
Extent 204p.
Dimensions 19cm(Hb)
500 ## - GENERAL NOTE
General note Includes index
505 ## - FORMATTED CONTENTS NOTE
Formatted contents note with a new Postscript Michael s. Roth
650 ## - SUBJECT ADDED ENTRY--TOPICAL TERM
Topical term or geographic name as entry element Psychoanalysis.
9 (RLIN) 35445
650 ## - SUBJECT ADDED ENTRY--TOPICAL TERM
Topical term or geographic name as entry element Freud, Sigmund, -- 1856-1939.
9 (RLIN) 39108
942 ## - ADDED ENTRY ELEMENTS (KOHA)
Source of classification or shelving scheme Dewey Decimal Classification
Koha item type English Books
Classification part 150.195
Call number suffix ROT
Holdings
Withdrawn status Lost status Damaged status Not for loan Home library Current library Date acquired Source of acquisition Cost, normal purchase price Total Checkouts Full call number Barcode Date last seen Copy number Cost, replacement price Price effective from Koha item type
        Central Library Central Library 23/07/2015 Cen Lib/Ret 0.00   150.195 ROT A-896873 23/07/2015 1 0.00 15/09/2016 English Books

© Delhi Public Library
Hit Counter
free hit counter